Language Quiz

Random Language or Letter Quiz

Starts with 'Th' Quiz Stats

Quiz Updated Dec 3, 2014

Also try: BTH Things
Challenge
Share
Tweet
Embed
Score 0/18 Timer 02:00
0 Plays Today
Answer % Correct
That
97.5%
Then
92.2%
This
91.5%
Than
89.5%
Thin
85.4%
Them
83.7%
They
76.7%
Thaw
69.2%
Thee
61.1%
Answer % Correct
Thou
60.9%
Thus
58%
Thew
57.7%
Thir
50.2%
Thud
47.4%
Thug
42.5%
Thio
42.1%
Thru
26.4%
Thro
18.1%

You're not logged in!

Compare scores with friends on all Sporcle quizzes.
Sign Up with Email
OR
Log In

You Might Also Like...

Show Comments

Extras

Top Quizzes Today


Score Distribution

Your Account Isn't Verified!

In order to create a playlist on Sporcle, you need to verify the email address you used during registration. Go to your Sporcle Settings to finish the process.